000 00335nam a2200109Ia 4500
008 171211s9999 xx 000 0 und d
245 _aBreathe Smart: The Secret to Happiness, Health and Long Life - 2nd Edition
245 _cAaron Hoopes
260 _c2008
650 _xFITNESS
856 _uhttp://down.ebook777.com/063/0974324701.pdf
999 _c349053
_d349053